| 000 | 00391nam a22001337a 4500 | ||
|---|---|---|---|
| 008 | 240806b |||||||| |||| 00| 0 eng d | ||
| 040 |
_aNational Science Library _cNational Science Library |
||
| 245 | _aExperiment station record | ||
| 260 |
_aWashington: _bUS Government of Printing Office, _c1945 |
||
| 300 | _a941+xiiip. | ||
| 650 | _aScience | ||
| 653 | _aAgriculture | ||
| 942 |
_2udc _cBK |
||
| 999 |
_c65868 _d65868 |
||